Privilegios reales sobre las atarazanas / por Federico Udina Martorell
Publicado:
San Jorge, núm. 83 (3r trimestre 1971), pàg. 86 - 97 :
MARC
| LEADER | 00000nam a2200000Ia 4500 | ||
|---|---|---|---|
| 001 | |||
| 008 | 160829s9999 xx 000 0 cat d | ||
| 100 | 1 | |a Udina i Martorell, Frederic, |d 1914-2011 |9 35690 | |
| 245 | |a Privilegios reales sobre las atarazanas / por Federico Udina Martorell | ||
| 260 | |a San Jorge, núm. 83 (3r trimestre 1971), pàg. 86 - 97 | ||
| 590 | |a Conté 20 fotografies | ||
| 650 | |a Aranzels de duanes |x Barcelona |9 22643 | ||
| 650 | |a Prerrogatives reials |x Barcelona |9 22644 | ||
| 650 | 0 | |a Lepant, Batalla de, 1571 |9 31773 | |
| 901 | |a Arxiu | ||
| 942 | |n 1 | ||
| 952 | |0 0 |1 0 |4 0 |7 1 |9 42265 |a Arxiu |b Arxiu |d 2016-12-01 |l 0 |r 2016-12-01 00:00:00 |w 2016-12-01 |y ARXIU | ||
| 999 | |c 44743 |d 44743 | ||